Forschungsmethoden in der erziehungswissenschaft : zum verhaltnis von qualitativen und quantitativen methoden in der lernforschung an einem beispiel der lernstrategienforschung

Αποθηκεύτηκε σε:
Λεπτομέρειες βιβλιογραφικής εγγραφής
Κύριος συγγραφέας: Schnaitmann, Gerhard W. 1947-
Μορφή: Βιβλίο
Γλώσσα:German
Δημοσίευση: [Frankfurt am Main] : Peter Lang, [2004]
Σειρά:Erziehungskonzeptionen und Praxis ; ; 57
Θέματα:
Ετικέτες: Προσθήκη ετικέτας
Δεν υπάρχουν, Καταχωρήστε ετικέτα πρώτοι!

MARC

LEADER 00000nam a2200000 i 4500
001 1/64057
008 071122s2004 ger d
020 |a 3-631-51759-9 
022 |a 07237464 
035 |l 10092476 
040 |a GR-MY-UA  |b gre  |e aacr 
041 0 |a ger 
082 0 |a 370.72  |2 (22) 
100 1 |a Schnaitmann, Gerhard W.  |d 1947- 
245 1 0 |a Forschungsmethoden in der erziehungswissenschaft :  |b zum verhaltnis von qualitativen und quantitativen methoden in der lernforschung an einem beispiel der lernstrategienforschung /  |c Gerhard W. Schnaitmann 
260 |a [Frankfurt am Main] :   |b Peter Lang,   |c [2004] 
300 |a 260 σ.;  |b πιν.;  |c 21 εκ. 
490 1 |a Erziehungskonzeptionen und Praxis  |v ; 57 
504 |a Βιβλιογραφία: σ. 152-180 
650 0 0 |a Research. 
650 0 0 |a Education  |x Research  |x Methodology. 
650 0 0 |a Science  |x Study and teaching  |x Research. 
830 0 |a Erziehungskonzeptionen und Praxis ;  |v ; 57 
852 |a INST  |b RHODES  |e 20071122  |h 370.72 SCH  |p 005400025247  |q 005400025247  |t BK  |y 0 
901 |a BIBL4-2007-3 
909 |a Ρ  |b 140150 
922 |a 4ΕΛΗ  |b 200710  |c ΕΠΕΑΕΚ2/ΠΤΔΕ  |d ΕΛΕΥΘΕΡΟΥΔΑΚΗΣ 
970 |a ΧΑΡΙΟΠΟΛΙΤΟΥ  |b ΚΩΝΣΤΑΝΤΙΝΑ  |z 2007/11/22